Quizzes
Events
Quiz Creation
Community
Videos
Private Events
Remove Ads
Sign In
Join for FREE
Feedback
Dark Mode
Quiz Categories
Sports
Geography
Music
Movies
Television
Just For Fun
Miscellaneous
History
Literature
Language
Science
Gaming
Entertainment
Religion
Holiday
For Kids
Quiz Lab
Recent
Popular Today
Quiz Kudos Today
Editor Picks
Curator Picks
Quizzes by...
Day
Popularity
Type
Ratings
Length
Year
Community
Subscriptions
Recent Discussions
Orange Saloon
Badges
Playlists
Quests
Create
Leaderboards
Showdown
Live 5
Trivia Bingo
Activity
Puzzle Library
Sporcle Events
Private Events
Virtual Trivia
Globe League
Become a Host
Pub Owners
SporcleCon
Opinionation
Our Games
Videos
Blog
Mobile Apps
Partnerships
Remove Ads and Go Orange
Feedback
Music
Pop Music
The Beatles
Song
Album
Lyrics
Bands
Singers
Artist
Clip
Rock
Rap
Classical
Billboard
Country Music
Kpop
Taylor Swift
Music
Pop Music
The Beatles
Song
Album
Lyrics
Bands
Singers
Artist
Clip
Rock
Rap
Classical
Billboard
Country Music
Kpop
Taylor Swift
Random Quiz
Search Sporcle
×
Quiz Lab
Quiz Lab
Music
Bands
Type in answers that appear in a list
Type in answers that appear in a list
Classic
Best Score? Go Orange.
100 Greatest Metal Bands Stats
Can you name the 100 Greatest Metal Bands according to Digital Dream Door?
By
Isles91
20m
100 Questions
5,223 Plays
5,223 Plays
5,223 Plays
Comments
Comments
Give Quiz Kudos
Give Quiz Kudos
-
- Ratings
hide this ad
Replay
Link that replays current quiz
Next Quiz
Link to next quiz in quiz playlist
You Got
0%
They Got
Avg Score
49%
Avg Friend Score
Upgrade to see
Score Distribution
Jump to the score distribution portion of the page
Score
0/100
Timer
20:00
1
Play Today
Rank
Band
% Correct
3
Metallica
98.3%
1
Black Sabbath
97.5%
5
Motörhead
93.7%
6
Slayer
93.2%
2
Iron Maiden
92.6%
7
Megadeth
92.2%
4
Judas Priest
90.5%
9
Pantera
88.8%
16
Dio
88.2%
11
Ozzy Osbourne
88%
19
Anthrax
80.7%
55
Slipknot
79.3%
52
System of a Down
79%
23
Alice in Chains
76.7%
25
Motley Crue
76.3%
10
Death
72.7%
8
Venom
72.4%
24
Sepultura
70.2%
30
Korn
69.9%
28
Tool
68.1%
18
Helloween
65.1%
43
Accept
62.8%
38
Cannibal Corpse
62.5%
31
Opeth
62%
35
Exodus
62%
26
Scorpions
61.3%
57
Rage Against the Machine
61%
39
Testament
60.7%
29
Mayhem
59.9%
27
Morbid Angel
59%
34
Soundgarden
58.4%
13
Dream Theater
57.5%
17
Mercyful Fate
57.3%
41
King Diamond
56.4%
Rank
Band
% Correct
15
Manowar
54.5%
48
Kreator
53.7%
74
Twisted Sister
53.4%
90
Mastodon
53.2%
22
Carcass
52.1%
33
Rainbow
51%
81
White Zombie
50.4%
14
Celtic Frost
49.3%
54
Saxon
48.5%
95
Skid Row
48.2%
93
Lamb of God
47.9%
60
Machine Head
47.5%
58
Children of Bodom
46.9%
20
Bathory
46.8%
32
Emperor
46.5%
12
Queensrÿche
46%
66
Type O Negative
45.5%
78
Annihilator
45.3%
21
Napalm Death
44.7%
50
Burzum
44.5%
67
Darkthrone
43.8%
51
At the Gates
43.7%
56
In Flames
42.8%
37
Blind Guardian
42.7%
45
Overkill
42.2%
40
Faith No More
41.8%
47
Yngwie Malmsteen
40.7%
61
Dimmu Borgir
40.5%
75
Cradle of Filth
40.5%
82
HammerFall
40%
92
Entombed
39.4%
71
W.A.S.P.
39.3%
72
Immortal
38.9%
79
Danzig
38.5%
Rank
Band
% Correct
49
Deicide
38.2%
70
Sodom
38.1%
80
Dokken
37.3%
73
Iced Earth
34.3%
91
Meshuggah
33.9%
53
Candlemass
33.7%
36
Possessed
32.7%
59
Voivod
32.1%
100
Atheist
30.8%
64
Metal Church
30.8%
62
Diamond Head
30.6%
89
Fear Factory
29.7%
44
Fates Warning
29.5%
42
Suicidal Tendencies
27.8%
46
Symphony X
26.1%
83
Gamma Ray
25.5%
76
Ministry
25.3%
65
Savatage
24.6%
86
Nevermore
24.3%
94
Suffocation
23.9%
69
My Dying Bride
23.8%
99
Stratovarius
22.7%
68
DRI
21.9%
96
Raven
20.5%
77
Terrorizer
19.5%
97
Therion
19.1%
87
Pentagram
18.9%
98
Trouble
18.6%
85
St. Vitus
18.2%
63
Neurosis
17.2%
88
Budgie
16.4%
84
Edge of Sanity
16.2%
Quiz Playlist
Details
Report
Send in Message
Add To Playlist
Classic:
Type in answers that appear in a list
Quiz Source
Last Updated: Sep 18, 2018
Quiz Scoreboard
CHALLENGE
Sign Up to Join the Scoreboard
Show All
Scores
Hide
Comments
May contain spoilers
Recently Published
NBA Finals Game Top Scorers (2010s)
by flibbidy
Sports
5m
Guess the 'R' Things in 3 Words
by MSUKent
Miscellaneous
3m
Actor to Badly Drawn Movie III
by MoMosMoProblems
Movies
5m
More to Explore
Quiz From the Vault
Featured Blog Post
Where Does Lost Luggage Go?
hide this ad
You Might Also Like...
Tags
Bands Quiz
100
100 Greatest
digital
Digital Dream
door
Dream
greatest
metal
Metal Bands
Today's Top Quizzes in Music
Browse Music
hide this ad
Today's Top Quizzes in Bands
Browse Bands
Top Contributed Quizzes in Music
1
Taylor Swift All Songs (2024)
2
Image Sorting: Rock Albums II
3
Image Sorting: Rock Albums III
4
Image Sorting: Rock Albums IV
5
Image Sorting: Rock Albums V
6
Image Sorting: Rock Albums VI
7
Taylor Swift Logic Puzzle
8
Adjectives in 80s Songs
9
Image Sorting: Album Titles
10
Nickname Match: Musicians
Explore More
Trending Topics
Disney
Marvel
Anime
Harry Potter
Crossword
Kpop
NBA
WWE
The Office
NFL
Puzzle
Pokémon
Country
Soccer
Song
hide this ad
More By:
Isles91
Quiz
Plays
Rating
Category
Featured
Created
100 Greatest Metal Bands
5,223
4.25
Music
Oct 24, 2010
Iron Maiden 7min songs
1,405
5.00
Music
Sep 30, 2010
Brad Paisley Songs
638
3.67
Music
Dec 12, 2010
Dio Songs
616
5.00
Music
Oct 5, 2010
Stanley Cup Coaches
383
5.00
Sports
Nov 12, 2010
Go to Creator's Profile
Score Distribution
Quiz Creator Spotlight
Isles91
Follow
Send a Message
Quizzes Created
-
Created Quiz Play Count
-
More By This Creator
Popular Quizzes Today
1
Find the US States - No Outlines Minefield
2
Find the US States
3
The Countries of the World
4
10 Largest US States in Order
5
Find the Countries of Europe - No Outlines Minefield
6
US States
7
Guess the 'R' Things in 3 Words
8
NBA Finals Game Top Scorers (2010s)
More Music Quizzes
Harry Styles iconic quotes
Quiz Lab
Trending Quizzes
First Name TV: Leading Men
First Name TV: Leading Women Drama
Match the Book to the Film II
Pick A Pair: Religious TV
Match the Book to the Film VI
Recently Updated
Women's Final Four Teams by Year
bhenderson79
Presidents Quartet II
eogle
Anything But Clue(do)
eogle
Anything But Oceanian Capitals
eogle
Anything But 7
eogle
Anything But Thing
eogle
Word Ladder: February 29
pecheneg
Song Title Questions
pecheneg
Women's NCAA Tournament #1 Seeds
pecheneg
Celebrity Mug Shots
pecheneg
Trending Topics
Crossword
Marvel
Anime
NBA
Disney
Kpop
Harry Potter
Pokémon
WWE
NFL
The Office
Song
Country
Soccer
Puzzle
Your Account Isn't Verified!
In order to create a playlist on Sporcle, you need to verify the email address you used during registration. Go to your
Sporcle Settings
to finish the process.
Report this User
Report this user for behavior that violates our
Community Guidelines
.
Details:
Send Report
Go to the Sporcle.com Mobile Site →
Comments